000 00435 a2200181 4500
001 110837
020 _a9781407141817
041 _apor
090 _aPL 428 THO
100 _aThomson, Donna.
250 _a. ed.
300 _a71 p.
856 _u00001b/00001b92.jpg
040 _aBR-BrIDEA
_cBR-BrIDEA
245 1 0 _aComprehension Workbook
_bYear 5
_c Donna Thomson
260 _a[S.l.]
_bScholastic Education
_c2016
942 _cBK
999 _c110837
_d110837